| 000 | 00320nam a22001217a 4500 | ||
|---|---|---|---|
| 020 | _a9789350562345 | ||
| 082 |
_a627.520954 _bPAN/AG |
||
| 100 |
_aPandey,Anupam _91066 |
||
| 245 | _aAgricultural Drainage and Water Quality | ||
| 260 |
_aNew Delhi _bDiscovery Publishing House Pvt. Ltd _c2013 |
||
| 300 | _a219 | ||
| 942 | _cBK | ||
| 999 |
_c14611 _d14611 |
||